Central Library OPAC University of Rajshahi

Addresses : (Record no. 21633)

MARC details
000 -LEADER
fixed length control field 00573nam a22002053 4500
001 - CONTROL NUMBER
control field 21633
003 - CONTROL NUMBER IDENTIFIER
rucl marc code BD-RjUL
005 - DATE AND TIME OF LATEST TRANSACTION
control field 20211209000718.0
008 - FIXED-LENGTH DATA ELEMENTS--GENERAL INFORMATION
fixed length control field 140305s1915 ii 000 0
035 ## - SYSTEM CONTROL NUMBER
System control number (BD-RjUL)21698
-- CD-0000622655
040 ## - CATALOGING SOURCE
Original cataloging agency BD-RjUL
Language of cataloging eng
Transcribing agency BD-RjUL
Modifying agency BD-RjUL
041 ## - LANGUAGE CODE
Language code of text/sound track or separate title eng
082 00 - DEWEY DECIMAL CLASSIFICATION NUMBER
Classification number 300.5
Author mark and year MOA 1915
100 1# - MAIN ENTRY--PERSONAL NAME
Personal name Mookerjee, Asutosh
9 (RLIN) 66795
245 10 - TITLE STATEMENT
Title Addresses :
Remainder of title literary and academic /
Statement of responsibility, etc. Asutosh Mookerjee.
260 ## - PUBLICATION, DISTRIBUTION, ETC. (IMPRINT)
Place of publication, distribution, etc. Calcutta :
Name of publisher, distributor, etc. R. Cambray,
Date of publication, distribution, etc. 1915.
300 ## - PHYSICAL DESCRIPTION
Pagination 568 p. ;
Size 21 cm.
650 #0 - SUBJECT ADDED ENTRY--TOPICAL TERM
Topical term or geographic name as entry element Theology.
9 (RLIN) 66796
942 ## - ADDED ENTRY ELEMENTS (KOHA)
Source of classification or shelving scheme Dewey Decimal Classification
Koha item type Books
Holdings
Lost status Source of classification or shelving scheme Damaged status Not for loan Collection code Permanent Location Current Location Shelving location Date acquired Source of acquisition Total Checkouts Full call number Date last seen Copy number Koha item type
  Dewey Decimal Classification     Non-fiction Central Library, University of Rajshahi Central Library, University of Rajshahi Reading Room 16/01/1963 A.H. Quraishi   300.5 MOA 1915 05/03/2014 C-1 Books